Cycle world

Detalles Bibliográficos
Título anterior:Cycle
Formato: Electrónico Revista
Lenguaje:inglés
Publicado: New York, N.Y. : Hachette Fillipacchi Magazines
New York : Bonnier Corp.
Materias:
Acceso en línea:Full text available from Research Library: 01/01/1994 to 09/30/2000
Full text available from Research Library: 04/01/2012 to present

MARC

LEADER 00000nas a2200000 a 4500
001 ssj0025082
003 WaSeSS
005 20200512172242.0
006 m d
007 cr n
008 750824c19629999nyuqr p s 0 a0eng c
010 |a sn 78001667  
022 |l 0011-4286  |y 0011-4286 
032 |a 571310  |b USPS 
035 |a (WaSeSS)ssj0025082 
040 |a MUL  |b eng  |c MUL  |d NSD  |d AIP  |d NSD  |d NST  |d CLU  |d DLC  |d OCLCF  |d OCL  |d OCLCO  |d CUS  |d OCLCQ  |d HCO  |d OCLCO  |d CPO  |d OCLCO  |d OV7  |d OCLCO  |d ZQP  |d WaSeSS 
042 |a pcc  |a nsdp 
050 0 0 |a TL440  |b .C9785 
082 1 0 |a 629  |2 11 
210 0 |a Cycle world 
222 0 |a Cycle world 
245 0 0 |a Cycle world  |h [electronic resource]. 
260 |3 <1999-> :  |a New York, N.Y. :  |b Hachette Fillipacchi Magazines 
260 3 |3 <May 2012-> :  |a New York :  |b Bonnier Corp. 
310 |a Four issues a year,  |b <2018-> 
321 |a Monthly,  |b <-2017> 
362 1 |a Began with v. 1, Jan. 1962. 
500 |a Imprint varies. 
506 |a License restrictions may limit access. 
515 |a Issues for <2018- > are called: 2018, issue 1. 
588 |a Description based on: Vol. 38, no. 9 (Sept. 1999); title from cover. 
588 |a Latest issue consulted: 2018, Issue 1 (surrogate). 
650 0 |a Motorcycles  |v Periodicals. 
650 0 |a Cycling  |v Periodicals. 
650 7 |a Cycling.  |2 fast  |0 (OCoLC)fst00885857 
650 7 |a Motorcycles.  |2 fast  |0 (OCoLC)fst01028056 
655 0 |a Electronic journals. 
780 0 5 |t Cycle  |g 1991  |w (DLC) 53038896  |w (OCoLC)1565730 
850 |a CLU  |a DLC  |a IC  |a OC 
856 4 0 |z Full text available from Research Library: 01/01/1994 to 09/30/2000  |u https://search.proquest.com/publication/49237 
856 4 0 |z Full text available from Research Library: 04/01/2012 to present  |u https://search.proquest.com/publication/49237